Tilastot visalle Liput, joissa on eniten punaista

Klikkaa tästä pelataksesi tätä visaa!

Yleistilastot

  • Tätä visaa on pelattu 422 kertaa
  • Keskiarvotulos 10 / 15

Vastaustilastot

Answer% Oikein
Kiina
97%
Turkki
95%
Sveitsi
95%
Tanska
93%
Latvia
90%
Albania
85%
Vietnam
80%
Marokko
68%
Montenegro
61%
Tunisia
60%
Taiwan
57%
Kirgisia
47%
Tonga
40%
Itä-Timor
33%
Samoa
32%

Tulosjakauma

Persentiili vastausten määrän mukaan

Jokaisen tuloksen saaneiden osuus

Tuloshistoriasi

Et ole pelannut tätä visaa